LIBRARY & INFORMATION CENTRE, KCAET, TAVANUR

ONLINE PUBLIC ACCESS CATALOGUE (OPAC)

Taj muthal Rajghat vare (Record no. 4325)

MARC details
000 -LEADER
fixed length control field 00382cam a2200169ua 4500
041 ## - LANGUAGE CODE
Language code of text/sound track or separate title mal
082 ## - DEWEY DECIMAL CLASSIFICATION NUMBER
Classification number 894.81280355
Item number GEO/TA
100 ## - MAIN ENTRY--AUTHOR NAME
Personal name George, Nellayi .
245 ## - TITLE STATEMENT
Title Taj muthal Rajghat vare
260 ## - PUBLICATION, DISTRIBUTION, ETC. (IMPRINT)
Place of publication Kodungallur :
Name of publisher Kerala Book House ,
Year of publication 1962.
300 ## - PHYSICAL DESCRIPTION
Number of Pages 64 ; .
942 ## - ADDED ENTRY ELEMENTS (KOHA)
Koha item type Books
Holdings
Withdrawn status Lost status Damaged status Home library Current library Date acquired Full call number Accession Number Koha item type
Withdrawn     KAUAET Malayalam University 07/04/2012 894.81280355 1148 Books
free website counter